000 01441nac a22003131i 4500
003 EG-ScBUE
005 20250526091550.0
008 250413r20081997ii a f b 001 0 eng d
020 _a8121914752
020 _a9788121914758
040 _aEG-ScBUE
_beng
_erda
_cEG-ScBUE
_dEG-ScBUE
082 0 4 _a530.41
_bPUR
_222
100 1 _aPuri, R. K.,
_eauthor.
245 1 0 _aSolid state physics and electronics :
_bfor the students of B.Sc. pass and honours courses of all Indian Universities as per UGC model syllabus /
_cR. K. Puri, Ph.D., ex-professor, Department of Physics, Indian Institute of Technology, New Delhi, V. K. Babbar, Ph.D., ex-lecturer, Department of Applied Physics, Guru Nanak Dev University, Amritsar.
250 _aReprinted edition.
264 1 _aRam Nagar, New Delhi :
_bS. Chand & Company LTD.,
_c2008.
300 _axvi, 595 pages :
_billustrations ;
_c19 cm.
336 _2rdacontent
_atext
_btxt
337 _aunmediated
_2rdamedia
_bn
338 _avolume
_bnc
_2rdacarrier
490 0 _aS. chand's simplified course series for B.A., B.Sc., and competitive examinations
500 _aIncludes appendix.
504 _aIncludes bibliographical references and index.
521 _aFor the students of B.Sc. pass and Honours courses of all Indian universities as per UGC model syllabus.
650 7 _aSolid state physics.
_2BUEsh
655 _vReading book
700 1 _aBabbar, V. K.,
_eauthor.
942 _cBB
_2ddc
999 _c8304
_d8304